[Event "Budapest FS08 IM"]
[Site "Budapest"]
[Date "2019.08.12"]
[Round "8"]
[White "Boricha, Ketan"]
[Black "Sapale, Saloni"]
[Result "1-0"]
[WhiteElo "2108"]
[BlackElo "2136"]
[PlyCount "141"]
[EventDate "2019.08.03"]
[EventType "swiss"]
[EventRounds "9"]
[EventCountry "HUN"]
[SourceTitle "CBM 191 Extra"]
[Source "ChessBase"]
[SourceDate "2019.09.30"]
[SourceVersion "1"]
[SourceVersionDate "2019.09.30"]
[SourceQuality "1"]

1. e4 e6 2. d4 d5 3. Nc3 Bb4 4. exd5 exd5 5. Bd3 c6 6. Qf3 Qf6 7. Bf4 Ne7 8. Qg3 Nd7 9. Nge2 Ng6 10. Bg5 Qd6 11. Nf4 Ndf8 12. 0-0 Ne6 13. Nxe6 Bxe6 14. Ne2 Qxg3 15. fxg3 f6 16. Be3 0-0 17. c3 Bd6 18. Nf4 Nxf4 19. Bxf4 Rad8 20. Rae1 Rfe8 21. Re3 Bxf4 22. gxf4 Bd7 23. Rfe1 Kf7 24. Rxe8 Bxe8 25. Bxh7 Bd7 26. Bd3 Rh8 27. h3 Rh4 28. f5 Rh5 29. Be2 Rh8 30. Bd3 Rh5 31. Be2 Rh8 32. Bg4 a5 33. b3 b6 34. Re3 a4 35. b4 b5 36. a3 Rh6 37. Kf2 Rh8 38. Kg3 Rh6 39. Kf4 Rh4 40. g3 Rh8 41. h4 Rh6 42. Re1 Rh8 43. Bf3 Rh6 44. Rh1 Rh8 45. g4 Rh7 46. g5 Rh8 47. Rh2 Bc8 48. Bg4 Bd7 49. Kg3 Bc8 50. Re2 Bd7 51. g6+ Kf8 52. h5 Rh6 53. Kf4 Rh8 54. Bf3 Rh6 55. Kg4 Rh8 56. Re3 Rh6 57. c4 dxc4 58. d5 cxd5 59. Bxd5 Rh8 60. Bf3 Rh6 61. Kf4 Rh8 62. Bg4 Bc6 63. Kg3 Bd7 64. Kf2 Rh6 65. Ke1 Rh8 66. Kd2 Bxf5 67. Bxf5 Rxh5 68. Be6 Rh2+ 69. Kc3 Ra2 70. Kd4 Rd2+ 71. Kc5 1-0

[Event "Budapest FS08 IM"]
[Site "Budapest"]
[Date "2019.08.10"]
[Round "7"]
[White "Boricha, Ketan"]
[Black "To, Nhat Minh"]
[Result "1-0"]
[WhiteElo "2108"]
[BlackElo "2388"]
[PlyCount "99"]
[EventDate "2019.08.03"]
[EventType "swiss"]
[EventRounds "9"]
[EventCountry "HUN"]
[SourceTitle "CBM 191 Extra"]
[Source "ChessBase"]
[SourceDate "2019.09.30"]
[SourceVersion "1"]
[SourceVersionDate "2019.09.30"]
[SourceQuality "1"]

1. e4 e6 2. d4 d5 3. Nc3 Nf6 4. Bg5 dxe4 5. Nxe4 Nbd7 6. Nf3 h6 7. Bh4 Be7 8. Nxf6+ Nxf6 9. Bd3 Nh5 10. Bxe7 Qxe7 11. Qd2 Bd7 12. Qa5 Nf4 13. Qxc7 Qb4+ 14. Qc3 Nxg2+ 15. Kd2 Qd6 16. Rag1 Qf4+ 17. Ke2 Qg4 18. Rxg2 Qxg2 19. Rg1 Qh3 20. Rxg7 Qh5 21. d5 exd5 22. Bg6 d4 23. Qxd4 Qb5+ 24. c4 Qb6 25. Qe5+ Kd8 26. Bxf7 Rf8 27. Bh5 Qe6 28. Qxe6 Bxe6 29. b3 Rc8 30. Rxb7 Rc5 31. Rb8+ Ke7 32. Rxf8 Kxf8 33. Bg6 Bg4 34. Ke3 Kg7 35. Be4 Rh5 36. b4 Kf6 37. Nd4 Rxh2 38. c5 Rh5 39. Nb5 a5 40. a3 axb4 41. axb4 Re5 42. Kf4 Bd7 43. Na7 Bf5 44. f3 Bxe4 45. fxe4 Re7 46. Nc6 Rb7 47. e5+ Kg6 48. e6 Rb5 49. Kg4 Rb7 50. e7 1-0

[Event "India rating op"]
[Site "India"]
[Date "2019.02.03"]
[Round "8"]
[White "Karnik, Bhavesh"]
[Black "Boricha, Ketan"]
[Result "0-1"]
[WhiteElo "1585"]
[BlackElo "2002"]
[PlyCount "120"]
[EventDate "2019.02.03"]
[EventType "swiss"]
[EventRounds "11"]
[EventCountry "IND"]
[SourceTitle "EXT 2021"]
[Source "ChessBase"]
[SourceDate "2020.10.23"]
[SourceVersion "1"]
[SourceVersionDate "2020.10.23"]
[SourceQuality "1"]

1. e4 c6 2. d4 d5 3. Nc3 dxe4 4. Nxe4 Nf6 5. Nxf6+ exf6 6. Nf3 Bd6 7. Be2 0-0 8. 0-0 Bg4 9. h3 Bh5 10. Be3 Re8 11. Re1 Nd7 12. c3 Qc7 13. Nd2 Bg6 14. a4 f5 15. Nc4 Bh2+ 16. Kh1 Bf4 17. Bxf4 Qxf4 18. Bf3 Nf6 19. Qd2 Qh4 20. Rxe8+ Rxe8 21. Re1 Rxe1+ 22. Qxe1 Ne4 23. Bxe4 fxe4 24. Qe3 Qf6 25. Ne5 Qe6 26. c4 f6 27. Nxg6 hxg6 28. b3 Kf7 29. Qg3 Qe7 30. Qf4 g5 31. Qe3 f5 32. Kg1 f4 33. Qe1 Kf6 34. Qc3 Kf5 35. g4+ Kg6 36. Kf1 Qa3 37. Qc2 Qa1+ 38. Kg2 Qxd4 39. f3 Kf6 40. fxe4 Ke5 41. Kh2 Qxe4 42. Qc3+ Qd4 43. Qa5+ Kf6 44. Qf5+ Ke7 45. Qxg5+ Qf6 46. Qxf6+ Kxf6 47. Kg2 Ke5 48. Kf3 g5 49. b4 b6 50. b5 c5 51. Ke2 Kd4 52. Kf3 Ke5 53. Ke2 Ke4 54. Kf2 f3 55. Ke1 Ke3 56. Kf1 f2 57. h4 gxh4 58. g5 h3 59. g6 h2 60. Kg2 h1Q+ 0-1

[Event "India rating op"]
[Site "India"]
[Date "2019.02.03"]
[Round "4"]
[White "Kulkarni, Rakesh"]
[Black "Boricha, Ketan"]
[Result "1-0"]
[WhiteElo "2301"]
[BlackElo "2002"]
[PlyCount "85"]
[EventDate "2019.02.03"]
[EventType "swiss"]
[EventRounds "11"]
[EventCountry "IND"]
[SourceTitle "EXT 2021"]
[Source "ChessBase"]
[SourceDate "2020.10.23"]
[SourceVersion "1"]
[SourceVersionDate "2020.10.23"]
[SourceQuality "1"]

1. e4 c6 2. c4 d5 3. cxd5 cxd5 4. exd5 Nf6 5. Nc3 Nxd5 6. Bc4 Nb6 7. Bb3 Bf5 8. d4 e6 9. Nf3 Nc6 10. 0-0 Be7 11. a3 0-0 12. Be3 Na5 13. Ba2 Nac4 14. Qe2 Rc8 15. a4 Bb4 16. Rfc1 a6 17. Bb3 Na5 18. Bd1 Nd5 19. Nxd5 Qxd5 20. Ne5 Bd6 21. Nd7 Rxc1 22. Rxc1 Rd8 23. Nb6 Qa2 24. h3 Bb4 25. g4 Bg6 26. h4 h6 27. h5 Bh7 28. g5 hxg5 29. Bxg5 f6 30. Be3 Be4 31. Qg4 Bf5 32. Qe2 Be4 33. Rc7 Bd6 34. Rc1 Nb3 35. Rc3 Na5 36. h6 g5 37. Bxg5 Kf7 38. Qxe4 fxg5 39. Qh7+ Kf6 40. Qg7+ Kf5 41. Qf7+ Ke4 42. Qf3+ Kxd4 43. Qe3# 1-0

[Event "Basel op"]
[Site "Basel"]
[Date "2019.01.05"]
[Round "5"]
[White "Boricha, Ketan"]
[Black "Bounlom, Jannik"]
[Result "1-0"]
[WhiteElo "2095"]
[BlackElo "1892"]
[PlyCount "43"]
[EventDate "2019.01.02"]
[EventType "swiss"]
[EventRounds "7"]
[EventCountry "SUI"]
[SourceTitle "CBM 188 Extra"]
[Source "ChessBase"]
[SourceDate "2019.02.26"]
[SourceVersion "1"]
[SourceVersionDate "2019.02.26"]
[SourceQuality "1"]

1. e4 c5 2. c3 d5 3. exd5 Qxd5 4. Nf3 Nc6 5. d4 Bf5 6. Nbd2 Qe6+ 7. Be2 cxd4 8. Nxd4 Nxd4 9. cxd4 0-0-0 10. Nb3 Qg6 11. Bf4 e5 12. Rc1+ Kb8 13. Bxe5+ Bd6 14. Bxd6+ Rxd6 15. 0-0 Ne7 16. Bf3 Nd5 17. Qd2 Rhd8 18. Rfe1 Nc7 19. Re7 Bd7 20. Qa5 Rc8 21. Qe5 Re8 22. Nc5 1-0

[Event "Basel op"]
[Site "Basel"]
[Date "2019.01.03"]
[Round "3"]
[White "Boricha, Ketan"]
[Black "Krishna, C Revanth Gopala"]
[Result "0-1"]
[WhiteElo "2095"]
[BlackElo "2469"]
[PlyCount "40"]
[EventDate "2019.01.02"]
[EventType "swiss"]
[EventRounds "7"]
[EventCountry "SUI"]
[SourceTitle "CBM 188 Extra"]
[Source "ChessBase"]
[SourceDate "2019.02.26"]
[SourceVersion "1"]
[SourceVersionDate "2019.02.26"]
[SourceQuality "1"]

1. e4 e6 2. d4 d5 3. Bd3 c5 4. exd5 exd5 5. Nf3 Nf6 6. 0-0 Be7 7. dxc5 Bxc5 8. Re1+ Be6 9. Be3 Bxe3 10. Rxe3 0-0 11. Nd4 Nc6 12. Nxe6 fxe6 13. Rxe6 Qb6 14. Nc3 Qxb2 15. Nb5 Qb4 16. Nc7 Rad8 17. Rb1 Qf4 18. Rxb7 Ng4 19. Qe1 Qxh2+ 20. Kf1 Nd4 0-1

[Event "Thane ARMS op 1st"]
[Site "Thane"]
[Date "2018.04.21"]
[Round "5"]
[White "Boricha, Ketan"]
[Black "Puranik, Abhimanyu Sameer"]
[Result "0-1"]
[WhiteElo "1981"]
[BlackElo "2363"]
[PlyCount "104"]
[EventDate "2018.04.21"]
[EventType "swiss (rapid)"]
[EventRounds "9"]
[EventCountry "IND"]
[SourceTitle "CBM 184 Extra"]
[Source "ChessBase"]
[SourceDate "2018.06.28"]
[SourceVersion "1"]
[SourceVersionDate "2018.06.28"]
[SourceQuality "1"]

1. e4 e6 2. d4 d5 3. Bd3 dxe4 4. Bxe4 Nf6 5. Bf3 c5 6. Ne2 Nc6 7. Be3 Nd5 8. Bxd5 Qxd5 9. 0-0 cxd4 10. Nxd4 Nxd4 11. Bxd4 b6 12. Nc3 Qc6 13. Qh5 Ba6 14. Rfe1 0-0-0 15. Be3 g6 16. Qe5 Bd6 17. Qf6 Qc7 18. Qh4 Qc6 19. Qe4 Bb7 20. Qxc6+ Bxc6 21. Bg5 Rd7 22. Bf6 Re8 23. Rad1 e5 24. Ne4 Bxe4 25. Rxe4 Re6 26. Bg5 f6 27. Be3 Rc7 28. Ra4 f5 29. g3 Kb7 30. c3 Rf7 31. f4 exf4 32. Bxf4 Bc5+ 33. Kf1 Rfe7 34. b4 Be3 35. b5 Bxf4 36. Rxf4 Re3 37. c4 Rc3 38. Rfd4 Rc7 39. a4 Ra3 40. Rc1 Rxa4 41. Rc2 Rb4 42. h4 Rxb5 43. cxb5 Rxc2 44. Rd7+ Rc7 45. Rd8 a6 46. bxa6+ Kxa6 47. h5 gxh5 48. Rf8 Rc5 49. Rf7 b5 50. Rxh7 b4 51. Rxh5 b3 52. Rh8 b2 0-1

[Event "Mumbai Wealth op"]
[Site "Mumbai"]
[Date "2016.01.30"]
[Round "3"]
[White "Boricha, Ketan"]
[Black "Gusain, Himal"]
[Result "0-1"]
[WhiteElo "2074"]
[BlackElo "2335"]
[PlyCount "248"]
[EventDate "2016.01.28"]
[EventType "swiss"]
[EventRounds "9"]
[EventCountry "IND"]
[SourceTitle "CBM 170 Extra"]
[Source "ChessBase"]
[SourceDate "2016.02.25"]
[SourceVersion "1"]
[SourceVersionDate "2016.02.25"]
[SourceQuality "1"]

1. e4 c5 2. c3 Qa5 3. Nf3 d6 4. Bc4 Nf6 5. e5 dxe5 6. Nxe5 e6 7. Qe2 Bd6 8. Bb5+ Nbd7 9. Nc4 Qc7 10. Nxd6+ Qxd6 11. 0-0 0-0 12. d4 cxd4 13. Rd1 e5 14. cxd4 e4 15. Bg5 a6 16. Bxd7 Bxd7 17. Bxf6 Qxf6 18. Nc3 Rfe8 19. Qe3 Qb6 20. Qg3 Rac8 21. Nd5 Qc6 22. Nc3 b5 23. d5 Qc5 24. a3 b4 25. axb4 Qxb4 26. d6 Qxb2 27. Nd5 Rc5 28. Rdb1 Ra5 29. Qc3 Qxc3 30. Nxc3 Rc5 31. Rb7 Bf5 32. Rc7 Rc8 33. Rxc8+ Bxc8 34. Nxe4 Rc6 35. Rd1 Kf8 36. g4 Ke8 37. f3 f5 38. Ng5 fxg4 39. Re1+ Kf8 40. Nxh7+ Kg8 41. Ng5 Bd7 42. Rd1 gxf3 43. Nxf3 Rc5 44. h4 a5 45. Re1 Rd5 46. Re5 Rd1+ 47. Kh2 a4 48. Ra5 Rxd6 49. Ne5 Be8 50. Kg3 Kf8 51. Ra7 Rd4 52. Ra8 Re4 53. Ng6+ Kf7 54. h5 Kf6 55. Ra6+ Kg5 56. Ra5+ Kh6 57. Nh4 Bd7 58. Nf5+ Kh7 59. Nd6 Rg4+ 60. Kf3 Rd4 61. Nf7 Be8 62. Ng5+ Kh6 63. Ne6 Bc6+ 64. Kg3 Rd3+ 65. Kh4 Rd5 66. Ra6 Rxh5+ 67. Kg3 Bb5 68. Ra7 Re5 69. Nd4 Be8 70. Kf4 Rc5 71. Nf5+ Kg6 72. Nxg7 Bf7 73. Rxa4 Kxg7 74. Ra6 Rc1 75. Rb6 Re1 76. Kg5 Bd5 77. Rd6 Be6 78. Rd8 Rg1+ 79. Kf4 Kf6 80. Rf8+ Bf7 81. Rb8 Ra1 82. Rb4 Be6 83. Rd4 Rf1+ 84. Ke3 Kf5 85. Ra4 Bd5 86. Rh4 Ke5 87. Rh5+ Kd6 88. Rh8 Rf3+ 89. Kd4 Rf4+ 90. Ke3 Rg4 91. Rd8+ Ke5 92. Re8+ Be6 93. Rf8 Rh4 94. Kf2 Bf5 95. Ke3 Re4+ 96. Kd3 Re1+ 97. Kd2 Ra1 98. Re8+ Kf4 99. Re7 Ra3 100. Re8 Be4 101. Re7 Rd3+ 102. Ke2 Rd8 103. Rf7+ Bf5 104. Rf6 Ke4 105. Ra6 Rd4 106. Ra7 Bg4+ 107. Kf2 Bd7 108. Rb7 Kf4 109. Rb8 Rd2+ 110. Ke1 Ra2 111. Kd1 Ke3 112. Kc1 Bf5 113. Rd8 Bg6 114. Rd6 Bd3 115. Rd8 Rc2+ 116. Kd1 Rc6 117. Re8+ Be4 118. Re7 Rh6 119. Kc1 Rb6 120. Rxe4+ Kxe4 121. Kc2 Kd4 122. Kd2 Rb2+ 123. Ke1 Kd3 124. Kf1 Ke3 0-1

[Event "Mumbai Mayors Cup 7th"]
[Site "Mumbai"]
[Date "2014.06.02"]
[Round "1"]
[White "Boricha, Ketan"]
[Black "Anurag, Mhamal"]
[Result "0-1"]
[WhiteElo "2110"]
[BlackElo "2414"]
[PlyCount "72"]
[EventDate "2014.06.02"]
[EventType "swiss"]
[EventRounds "10"]
[EventCountry "IND"]
[SourceTitle "CBM 160 Extra"]
[Source "ChessBase"]
[SourceDate "2014.07.01"]
[SourceVersion "1"]
[SourceVersionDate "2014.07.01"]
[SourceQuality "1"]

1. e4 c5 2. c3 Nf6 3. e5 Nd5 4. g3 d6 5. exd6 Qxd6 6. Bg2 Nc6 7. Na3 Bf5 8. Nb5 Qe6+ 9. Qe2 0-0-0 10. Qxe6+ Bxe6 11. Nf3 Bf5 12. d4 Bd3 13. Na3 cxd4 14. cxd4 e6 15. Bd2 Ndb4 16. Bc3 Ba6 17. Bf1 Nd3+ 18. Kd2 Nxf2 19. Bxa6 Nxh1 20. Be2 Nf2 21. Ng5 Nxd4 22. Ke1 Bxa3 23. Rc1 Nxe2 24. Kxe2 Nd3 25. Rc2 Kb8 26. Nxf7 Nb4 27. Be5+ Ka8 28. Rc4 Rc8 29. Rxc8+ Rxc8 30. bxa3 Nxa2 31. Kd2 Nc1 32. Ng5 Rc5 33. Bf4 Nb3+ 34. Kd3 Rd5+ 35. Kc4 Nd2+ 36. Kc3 Rxg5 0-1

[Event "Mumbai Mayors Cup 1st"]
[Site "Mumbai"]
[Date "2008.05.14"]
[Round "5"]
[White "Boricha, Ketan"]
[Black "Sahoo, Utkal Ranjan"]
[Result "0-1"]
[WhiteElo "2211"]
[BlackElo "2004"]
[PlyCount "116"]
[EventDate "2008.05.11"]
[EventType "swiss"]
[EventRounds "11"]
[EventCountry "IND"]
[SourceTitle "CBM 124 Extra"]
[Source "ChessBase"]
[SourceDate "2008.07.03"]
[SourceVersion "1"]
[SourceVersionDate "2008.07.03"]
[SourceQuality "1"]

1. e4 e5 2. Nf3 Nc6 3. Bc4 Bc5 4. c3 Nf6 5. d3 d6 6. a4 a6 7. 0-0 0-0 8. Be3 Bxe3 9. fxe3 Ne7 10. Nbd2 Ng6 11. Qe2 c6 12. Ba2 d5 13. exd5 cxd5 14. Kh1 Bg4 15. Qf2 Qb6 16. b4 Rad8 17. Rac1 Bf5 18. Nxe5 Nxe5 19. Qxf5 Qxe3 20. Nb3 Nxd3 21. Rf3 Qe4 22. Rd1 Qxf5 23. Rxf5 Nb2 24. Rd4 Nxa4 25. Nc5 Nxc3 26. Bb3 b6 27. Nd3 Rfe8 28. g4 Re4 29. Rxe4 Nfxe4 30. Ne5 f6 31. Nc6 Rd6 32. Ne7+ Kf8 33. Nxd5 Nxd5 34. Bxd5 g6 35. Rf4 Rxd5 36. Rxe4 Kf7 37. Rc4 h5 38. Rc7+ Ke6 39. gxh5 gxh5 40. Ra7 Rb5 41. Rxa6 Rxb4 42. Kg2 Rb3 43. Ra8 Kf5 44. Rh8 Kg6 45. Rg8+ Kh7 46. Rb8 b5 47. h4 b4 48. Rb6 Kg6 49. Rb8 Rb1 50. Rb5 b3 51. Kf2 b2 52. Kg2 f5 53. Kh2 f4 54. Rb8 f3 55. Rg8+ Kf7 56. Rb8 f2 57. Rb3 f1Q 58. Rf3+ Kg7 0-1